| 000 | 00445nam a22001457a 4500 | ||
|---|---|---|---|
| 027 | _qHard Cover. | ||
| 040 | _cSINES-NUST. | ||
| 082 |
_a004 _bSAL |
||
| 100 |
_aMazahir Saleem. _9106677 |
||
| 245 |
_aInter-Area Oscillation Damping Control using Machine Learning / _cSaleem, Mazahir |
||
| 260 |
_aIslamabad: _bSINES-NUST, _c2022. |
||
| 300 |
_a48 p. : _bill. ; _c35 cm. |
||
| 650 | _xMS-Computational Science and Engineering. | ||
| 942 |
_2ddc _cTHE |
||
| 999 |
_c592895 _d592895 |
||